Zodiac (Registro nro. 11890)

Detalles MARC
000 -LEADER
longitud fija campo de control 02037aab a2200469 a 4500
003 - IDENTIFICADOR DE NUMERO DE CONTROL
control del campo AR-RoUNA
008 - CAMPO DE CONTROL - LIBROS
longitud fija campo de control 140529||||||||||||||||| |||| 0|||| d
022 ## - ISSN
ISSN 0394-9230
040 ## - ORIGEN DE LA CATALOGACION
Agencia que cataloga la obra original AR-RoUNA
Idioma en que se cataloga spa
041 ## - CODIGO DE IDIOMA
Codigo de idioma del texto / sonido o titulo separado ita
-- eng
080 ## - CDU
Numero de clasificacion 72.036
100 1# - ASIENTO PRINCIPAL - NOMBRE PERSONAL
Nombre personal Zorzi, Renzo
9 (RLIN) 12765
245 ## - TITULO PROPIAMENTE DICHO
Titulo Zodiac
246 ## - VARIANTE DE TITULO
Resto del titulo Zodic 19. A review of contemporary architecture.
260 ## - EDITORIAL - PUBLICACION, DISTRIBUCION, ETC. (Pie de imprenta)
Lugar de publicacion, distribucion, etc Milan (Italia) :
Nombre del editor, distribuidor, etc Edizioni di comunitá,
Fecha de publicacion 1969
300 ## - DESCRIPCION FISICA
Extension 277 p. :
Otros detalles fisicos il.,
-- plantas,
-- planos,
Dimensiones 27x21 cm
505 ## - NOTA DE CONTENIDO CON FORMATO
Título principal Bottero,Maria / Este número. p.5
505 ## - NOTA DE CONTENIDO CON FORMATO
Título principal Frederick Kiesler 1.923-1.964. p.19
505 ## - NOTA DE CONTENIDO CON FORMATO
Título principal Thornson Virgil/ Kiesler como creador de escenografias. p.27
505 ## - NOTA DE CONTENIDO CON FORMATO
Título principal Bottero,Maria/ La abstracción cientifica y la búsqueda de lo concreto en la utopía de Buckminster Fuller. p.50
505 ## - NOTA DE CONTENIDO CON FORMATO
Título principal R. Buckminster Fuller/ La ciencia del diseño, un éxito económico de toda la humanidad. p.58
505 ## - NOTA DE CONTENIDO CON FORMATO
Título principal Buckminster Fuller/ Obras recientes. p.75
505 ## - NOTA DE CONTENIDO CON FORMATO
Título principal Neumann Alfred/ La arquitectura como ornamento. p.90
505 ## - NOTA DE CONTENIDO CON FORMATO
Título principal Neumann Alfred;Hecker/ Obras arquitectonicas. 99
505 ## - NOTA DE CONTENIDO CON FORMATO
Título principal Anne Griswold Tyng/ Extensiones geométrica de la conciencia. p.130
505 ## - NOTA DE CONTENIDO CON FORMATO
Título principal Anne Griswold Tyng/ Obras arquitectonicas. p.163
505 ## - NOTA DE CONTENIDO CON FORMATO
Título principal John McHale/ Ecologia global; hacia la sociedad planetaria. p.174
505 ## - NOTA DE CONTENIDO CON FORMATO
Título principal Moshe Safdie/ Nuevos requisitos ambientales para la construcción urbana. p.180
505 ## - NOTA DE CONTENIDO CON FORMATO
Título principal Moshe Safdie: obras arquitectónicas. p.183
505 ## - NOTA DE CONTENIDO CON FORMATO
Título principal Walter Kuhn, colaborador Joa-chim Steiner/ Estructuras cubicas con elementos obtenidos por la concretización de reticulaciones geométrcas . p.208
505 ## - NOTA DE CONTENIDO CON FORMATO
Título principal Traducciones al Ingles. p.223
505 ## - NOTA DE CONTENIDO CON FORMATO
Título principal Traducciones al Italiano. p.232
650 ## - MATERIA - TERMINO TEMATICO
Término tematico general Torres
9 (RLIN) 208
650 ## - MATERIA - TERMINO TEMATICO
Término tematico general Cine
9 (RLIN) 3804
650 ## - MATERIA - TERMINO TEMATICO
Término tematico general Teatros
9 (RLIN) 221
773 ## - ENTRADA DEL ITEM MAYOR
Entrada principal Zodiac
Lugar, editorial y fecha de la publicación Milan (talia) Edizioni di Comunita
Vol. - nro. (mes-año), pág. nº 19 (1968), p.277
ISSN 0394-9230
908 ## - SOPORTE
Soporte Imp
930 ## - ACCESION
Numero de accesion (NR) 7147
942 ## - FUENTE DE CLASIFICACION
Clasificacion Universal Decimal Classification
Tipo de item Analítica
945 ## - INFORMACION DE PROCESAMIENTO
Fecha de ingreso o modificacion 2025-04-03
Codigo del operador MBP
980 ## - EQUIVALENCE OR CROSS-REFERENCE-SERIES STATEMENT--PERSONAL NAME/TITLE [LOCAL, CANADA]
Field link and sequence number 1
Linkage 1
Personal name MBP
Miscellaneous information Maricel Allasia
Existencias
Estado retiro Estado perdido Sistema de clasificacion Estado general Restricciones de uso Biblioteca de origen Ubicacion actual Fecha de adquisicion Fuente de adquisicion Prestamos totales Signatura y librística Numero de inventario (BARCODE) Fecha ultima visto Numero de ejemplar Fecha del precio de reemplazo Tipo de elemento KOHA Número de Kardex Nota no publica
Disponible Disponible udc No dañado Ningun uso de restricciones Arq. Hilarión H. Larguia Arq. Hilarión H. Larguia 03/04/2025 Don   72.036 1002634 03/04/2025 ej. 1 03/04/2025 Analítica 236